|
|
|
|
| LEADER |
00000nab a2200000 a 4500 |
| 001 |
vtls000163517 |
| 003 |
SK-MaSNL |
| 005 |
20260303202419.0 |
| 008 |
160204c1983 xo 0 slo |
| 015 |
|
|
|a SNBRA19rr/mm-uuuuu
|
| 035 |
|
|
|a CL0173628
|
| 040 |
|
|
|a SNKBUCL
|b slo
|c SNKBUCL
|e AACR2
|
| 041 |
0 |
|
|a slo
|
| 044 |
|
|
|a xo
|c SK
|
| 080 |
|
|
|a 633.2/.3
|2 1981
|
| 080 |
|
|
|a 631.84
|2 1981
|
| 100 |
1 |
|
|a Jamriška, P.
|4 aut
|9 791157
|
| 245 |
1 |
0 |
|a Reziduálny účinok niektorých krmovín a ich dusíkatého hnojenia na kvalitu krmu ovsa
|c P. Jamriška
|
| 300 |
|
|
|b Tb. 4. Res. angl., rus., lit. 12 zázn. v slov., češ., nem.
|
| 650 |
0 |
7 |
|a ovos
|2 snkbucl
|9 19073
|
| 650 |
0 |
7 |
|a dusíkaté hnojivá
|2 snkbucl
|9 17141
|
| 655 |
|
7 |
|a články zo zborníkov
|2 snkbucl
|9 166140
|
| 773 |
0 |
|
|t Vedecké práce Výskumného ústavu rastlinnej výroby v Piešťanoch 19. Krmoviny
|d Bratislava : Príroda., 1983
|g S. 137-145
|
| 850 |
|
|
|a Slovenská národná knižnica v Martine
|a MTA001
|
| 852 |
|
|
|a SNK
|b KIS3GCP
|
| 958 |
|
|
|a NB
|
| 958 |
|
|
|a RK
|
| 992 |
|
|
|a RZB
|
| 999 |
|
|
|c 2179515
|d 2181445
|